000 00462nam a2200181Ia 4500
001 11482
005 20260306162831.0
008 260306t2015||||xx |||||||||||||| ||spa||
041 _aESP
082 _a985.06
_bR47
100 _aReyes, Julio Octavio
_eAUT
245 0 _aEl corresponsal del Huáscar:
_bcrónicas de Julio Octavio Reyes
260 _c2015
300 _a420 páginas :
_c24 cm.
650 _aGEN
654 _aCHU
942 _cLIB
_dJUS
_fJUS
_2ddc
_n
999 _c11482
_d11482